| 000 | 00604cam a2200181 i 4500 | ||
|---|---|---|---|
| 005 | 20251209103413.0 | ||
| 008 | 250721s2003 jo gr 000 0 ara d | ||
| 082 | 1 | 4 |
_a216 _bع ا م |
| 100 | 1 |
_aبني عامر، أحمد _eمؤلف. |
|
| 245 | 1 | 2 |
_aالميسر في أصول الفقه / _cاعداد احمد اسماعيل بني عامر. |
| 250 | _aالطبعه الثانيه. | ||
| 264 | 3 | 1 |
_aعمان : _c2003. _b[غير معروف]. |
| 300 | _a220 صفحه. | ||
| 650 | 1 | 7 | _aالفقة الإسلامي. |
| 650 | 1 | 7 | _aأصول الفقة. |
| 942 |
_2ddc _cBK |
||
| 999 |
_c85392 _d85392 |
||